| 000 | 00511nam a22001815i 4500 | ||
|---|---|---|---|
| 999 |
_c12364 _d12364 |
||
| 003 | OSt | ||
| 005 | 20240117105632.0 | ||
| 008 | 221102s2023 mau 000 0 eng | ||
| 020 |
_a9783035624120 _q(trade paperback) |
||
| 082 | _a720 | ||
| 100 | 1 |
_aSiems, Tanja, _eauthor. |
|
| 245 | 1 | 0 |
_aImparting city : _bmethods and tools for collaborative planning / _cTanja Siems. |
| 263 | _a2301 | ||
| 300 | _apages cm | ||
| 906 |
_a0 _bibc _corignew _d2 _eepcn _f20 _gy-gencatlg |
||
| 942 | _2ddc | ||